Caricamento...

Companion encyclopedia of archaeology.

Dettagli Bibliografici
Autore principale: Barker,Graeme(Editor)
Natura: Printed Book
Pubblicazione: London : Routledge, 1999.
Soggetti:
LEADER 00635nam a22001577a 4500
020 |a 0415064481 
082 |a 930.1  |b COM 
100 |a Barker,Graeme(Editor) 
245 |a Companion encyclopedia of archaeology. 
260 |a London :  |b Routledge,  |c 1999. 
300 |a XLV,634p.; 
650 |a Encyclopedia/Encyclopaedias.  |v Archaeology 
942 |c REF 
999 |c 100531  |d 100531 
952 |0 0  |1 0  |4 0  |6 930_100000000000000_COM  |7 0  |9 93922  |a SSS  |b SSS  |c REF  |d 2012-05-02  |l 0  |o 930.1 COM  |p SSSPC210  |r 2012-05-02  |w 2012-05-02  |y REF 
952 |0 0  |1 0  |4 0  |6 930_100000000000000_COM_2  |7 0  |9 93923  |a SSS  |b SSS  |c REF  |d 2012-12-28  |l 0  |o 930.1 COM.2  |p SSSPC212  |r 2012-12-28  |w 2012-12-28  |y REF